| 000 | 01718cpcaa2200385 4500 | ||
|---|---|---|---|
| 001 | mm 82049965 | ||
| 003 | DLC | ||
| 005 | 20260227111715.0 | ||
| 008 | 820702|||||||||||| eng | ||
| 010 | _amm 82049965 | ||
| 040 |
_aDLC _cDLC _edacs _dDLC |
||
| 072 | 7 |
_aR _2lcmd |
|
| 100 | 1 |
_aFrazer, Robert, _d1878-1947. |
|
| 245 | 0 | 0 |
_aRobert Frazer papers, _f1915-1938. |
| 300 |
_a1,000 _fitems. |
||
| 300 |
_a2 _fcontainers. |
||
| 506 | 0 | _aOpen to research. | |
| 520 | 8 | _aDiary notes, letters, postcards, photographs, clippings, and memorabilia relating in general to Frazer's work as inspecting consul general in Latin America and Western Europe, consul general at Zurich, and foreign service inspector for the Far East. | |
| 545 | 0 | _aDiplomat. | |
| 546 | _aCollection material in English. | ||
| 650 | 0 |
_aDiplomatic and consular service, American _zLatin America. |
|
| 650 | 0 |
_aDiplomatic and consular service, American _zSwitzerland. |
|
| 650 | 0 |
_aDiplomatic and consular service, American _zEurope. |
|
| 651 | 0 |
_aEast Asia _xForeign relations _zUnited States. |
|
| 651 | 0 |
_aEurope _xForeign relations _zUnited States. |
|
| 651 | 0 |
_aLatin America _xForeign relations _zUnited States. |
|
| 651 | 0 |
_aSwitzerland _xForeign relations _zUnited States. |
|
| 651 | 0 |
_aUnited States _xForeign relations _zEast Asia. |
|
| 651 | 0 |
_aUnited States _xForeign relations _zEurope. |
|
| 651 | 0 |
_aUnited States _xForeign relations _zLatin America. |
|
| 651 | 0 |
_aUnited States _xForeign relations _zSwitzerland. |
|
| 656 | 7 |
_aDiplomats. _2itoamc |
|
| 999 |
_c43636 _d43636 |
||